Bijapur (Record no. 6418)
[ view plain ]
| 000 -LEADER | |
|---|---|
| fixed length control field | 00747cam a2200265 a 4500 |
| 001 - CONTROL NUMBER | |
| control field | 1164318 |
| 003 - CONTROL NUMBER IDENTIFIER | |
| control field | OSt |
| 005 - DATE AND TIME OF LATEST TRANSACTION | |
| control field | 20150720145755.0 |
| 008 - FIXED-LENGTH DATA ELEMENTS--GENERAL INFORMATION | |
| fixed length control field | 960828s1997 nyu 000 1 eng |
| 010 ## - LIBRARY OF CONGRESS CONTROL NUMBER | |
| LC control number | 96041695 |
| 020 ## - INTERNATIONAL STANDARD BOOK NUMBER | |
| International Standard Book Number | 0312860013 (acidfree paper) |
| 040 ## - CATALOGING SOURCE | |
| Original cataloging agency | SEKU |
| 050 00 - LIBRARY OF CONGRESS CALL NUMBER | |
| Classification number | PS 3554.A4 |
| Item number | B5 1997 |
| 100 1# - MAIN ENTRY--PERSONAL NAME | |
| Personal name | Dalkey, Kara, |
| Dates associated with a name | 1953- |
| 245 10 - TITLE STATEMENT | |
| Title | Bijapur |
| Statement of responsibility, etc. | Kara Dalkey. |
| 250 ## - EDITION STATEMENT | |
| Edition statement | 1st ed. |
| 260 ## - PUBLICATION, DISTRIBUTION, ETC. (IMPRINT) | |
| Place of publication, distribution, etc. | New York : |
| Name of publisher, distributor, etc. | Tor, |
| Date of publication, distribution, etc. | 1997. |
| 300 ## - PHYSICAL DESCRIPTION | |
| Extent | 285 p. ; |
| Dimensions | 22 cm. |
| 490 1# - SERIES STATEMENT | |
| Series statement | Blood of the goddess ; |
| Volume/sequential designation | 2 |
| 500 ## - GENERAL NOTE | |
| General note | "A Tom Doherty Associates book." |
| 650 #0 - SUBJECT ADDED ENTRY--TOPICAL TERM | |
| Topical term or geographic name as entry element | Herbs |
| General subdivision | Therapeutic use |
| -- | Fiction. |
| 655 #7 - INDEX TERM--GENRE/FORM | |
| Genre/form data or focus term | Historical fiction. |
| Source of term | gsafd |
| 800 1# - SERIES ADDED ENTRY--PERSONAL NAME | |
| Personal name | Dalkey, Kara, |
| Dates associated with a name | 1953- |
| Title of a work | Blood of the goddess ; |
| Volume/sequential designation | 2. |
| 942 ## - ADDED ENTRY ELEMENTS (KOHA) | |
| Source of classification or shelving scheme | Library of Congress Classification |
| Koha item type | General circulation |
| Withdrawn status | Lost status | Source of classification or shelving scheme | Damaged status | Not for loan | Home library | Current library | Shelving location | Date acquired | Source of acquisition | Total Checkouts | Full call number | Barcode | Date last seen | Date last checked out | Price effective from | Koha item type | Public note |
|---|---|---|---|---|---|---|---|---|---|---|---|---|---|---|---|---|---|
| Library of Congress Classification | Main Campus Library | Main Campus Library | General Stacks | 20/07/2015 | Donation-Books for Africa | 1 | PS 3554.A4 B5 1997 | 2015/003754 | 19/02/2020 | 12/02/2019 | 20/07/2015 | General circulation | amk |